=LDR 00000nam 2200000 4500 =001 INLIS000000000033259 =005 20130612135226 =008 ***********************************ind** =035 ##$$0010-061300000033259 =041 ##$$a ind =082 ##$$a 153.8 =090 ##$$a 153.8, Yan d =100 ##$$a Yonny, Acep =245 ##$$a Delapan kesah luar biasa yang inspiratif dan melejitkan motivasi, Acep Yonny, Sri Rahayu =260 ##$$a 2010 $b Yogyakarta =300 ##$$a ix,209 hlm, 18 cm =650 ##$$a Motivasi =700 ##$$a Rahayu, Sri =850 ##$$a NBPNMAT